Imiona żeńskie w rejestrze PESEL - TOP 300 - Statystyki

Ogólne statystyki
  • Ten quiz został rozwiązany 5 680 razy
  • Średni wynik to 154 z 300
Statystyki odpowiedzi
% Poprawnych
1 A Anna
98%
2 K Katarzyna
95%
6 B Barbara
94%
3 M Maria
94%
225 E Eva
92%
7 E Ewa
91%
17 J Julia
91%
16 N Natalia
91%
224 N Natallia
91%
215 A Alexandra
90%
130 M Magda
90%
14 Z Zofia
90%
12 A Aleksandra
89%
19 K Karolina
89%
153 V Victoria
89%
201 V Viktoria
89%
5 A Agnieszka
88%
13 M Monika
88%
285 V Veronica
88%
35 W Wiktoria
88%
9 E Elżbieta
87%
34 H Hanna
87%
4 M Małgorzata
87%
30 P Paulina
87%
48 W Weronika
87%
31 Z Zuzanna
87%
11 J Joanna
86%
289 L Livia
85%
23 A Alicja
84%
42 P Patrycja
84%
38 U Urszula
84%
28 G Grażyna
83%
24 H Halina
83%
54 L Lena
83%
8 M Magdalena
83%
148 O Olivia
83%
46 O Oliwia
83%
187 A Anetta
82%
18 D Danuta
82%
20 M Marta
82%
65 D Daria
81%
21 B Beata
80%
94 I Iga
80%
27 I Iwona
80%
87 Ł Łucja
80%
230 L Lucja
80%
15 T Teresa
80%
57 A Amelia
79%
55 D Dominika
79%
45 E Emilia
79%
41 M Maja
79%
188 M Maya
79%
39 A Agata
78%
22 D Dorota
78%
242 E Evelina
78%
49 E Ewelina
78%
43 H Helena
78%
275 I Iza
78%
29 J Janina
78%
61 K Kamila
78%
212 K Kamilla
78%
37 R Renata
78%
32 J Justyna
77%
10 K Krystyna
77%
50 M Martyna
77%
239 C Claudia
76%
51 K Klaudia
76%
40 S Sylwia
76%
33 I Irena
75%
139 I Izabella
75%
25 J Jadwiga
74%
240 N Nikol
74%
36 B Bożena
73%
145 B Bożenna
73%
58 K Kinga
73%
70 M Milena
73%
266 A Ana
72%
52 G Gabriela
72%
44 I Izabela
72%
26 J Jolanta
72%
76 O Olga
72%
97 P Pola
72%
47 A Aneta
71%
84 K Kornelia
71%
80 M Michalina
71%
59 S Stanisława
70%
100 C Czesława
69%
158 F Franciszka
69%
79 I Ilona
69%
99 J Jagoda
69%
73 L Laura
69%
56 M Marianna
69%
116 R Róża
69%
150 A Andżelika
68%
131 C Celina
68%
120 A Anastazja
67%
74 A Antonina
67%
83 N Nadia
67%
81 S Sandra
67%
64 W Wanda
67%
63 A Alina
66%
60 E Edyta
66%
53 M Marzena
66%
174 M Marzenna
66%
112 C Cecylia
65%
82 G Genowefa
65%
66 L Lidia
65%
72 M Mirosława
65%
160 N Nicola
65%
62 W Wiesława
65%
104 W Wioleta
65%
71 W Wioletta
65%
98 M Marcelina
63%
90 N Nina
63%
113 Ż Żaneta
63%
69 N Nikola
62%
133 A Adriana
61%
105 A Adrianna
61%
75 A Angelika
60%
92 A Anita
60%
111 E Eliza
60%
190 L Lilia
60%
85 M Marlena
60%
256 O Ola
60%
78 B Bogumiła
59%
89 B Bogusława
59%
110 M Malwina
59%
127 V Violetta
59%
68 L Lucyna
58%
67 M Mariola
58%
109 S Sara
58%
101 A Aniela
57%
108 D Dagmara
57%
117 K Kaja
57%
129 L Lilianna
57%
88 S Sabina
57%
124 J Julita
56%
102 W Władysława
56%
134 H Honorata
55%
155 J Judyta
55%
115 K Klara
55%
172 A Ada
54%
126 R Rozalia
54%
149 T Tamara
54%
189 F Felicja
53%
192 I Ida
53%
103 K Karina
53%
77 K Kazimiera
53%
118 L Leokadia
53%
86 H Henryka
52%
132 M Matylda
52%
136 P Paula
52%
140 K Kalina
51%
138 A Aurelia
50%
91 J Józefa
50%
231 N Nel
50%
96 R Regina
50%
107 R Roksana
50%
93 S Stefania
50%
119 B Blanka
49%
122 B Bronisława
49%
146 E Elwira
49%
169 I Inga
49%
163 J Jowita
49%
95 L Liliana
48%
166 A Apolonia
47%
164 V Vanessa
47%
237 W Wanessa
47%
125 A Aldona
46%
175 J Julianna
46%
106 D Diana
45%
152 L Luiza
45%
144 S Sonia
45%
114 Z Zdzisława
45%
135 N Nela
44%
198 O Otylia
44%
177 B Bianka
43%
281 E Erika
43%
221 F Faustyna
43%
162 L Liwia
43%
168 M Melania
43%
295 A Ala
42%
195 E Emma
42%
161 N Natasza
42%
154 A Adela
41%
278 A Arletta
41%
123 E Eugenia
41%
170 J Jessica
41%
143 M Mieczysława
41%
181 B Bernadetta
40%
205 E Eryka
40%
208 G Gaja
40%
196 A Amanda
39%
151 A Arleta
39%
156 M Mia
39%
128 D Daniela
38%
173 E Eleonora
38%
244 B Bogna
36%
229 J Jagna
36%
233 K Konstancja
36%
202 L Lilla
36%
121 B Bernadeta
35%
176 E Estera
35%
142 G Gertruda
35%
220 L Lila
35%
178 L Ludwika
35%
147 M Marzanna
35%
191 R Rita
35%
141 M Marika
34%
157 N Nicole
34%
276 R Roma
34%
232 O Oktawia
33%
222 S Samanta
33%
253 Z Zoia
33%
219 Z Zoja
33%
228 M Maryla
32%
203 S Sławomira
32%
180 S Sofia
32%
277 S Sophia
32%
210 W Waleria
32%
260 A Angela
31%
226 K Ksenia
31%
186 L Ludmiła
31%
262 M Mila
31%
234 P Pamela
31%
211 R Ryszarda
31%
137 B Brygida
30%
247 I Inez
30%
257 J Jaśmina
30%
280 K Klementyna
30%
194 Z Zenobia
30%
182 Z Zenona
30%
171 E Elena
29%
252 K Krzysztofa
29%
214 T Teodora
29%
223 O Olimpia
28%
251 T Tola
28%
218 A Adelajda
27%
248 L Lea
27%
206 P Pelagia
27%
299 D Dobrosława
26%
227 M Marcela
26%
167 R Romana
26%
183 W Wacława
26%
258 B Bolesława
25%
259 N Nadzieja
25%
184 D Donata
24%
297 G Gloria
24%
185 W Walentyna
24%
245 M Mirella
23%
207 A Angelina
22%
268 I Ines
22%
269 L Lara
22%
159 M Mariana
22%
238 N Noemi
22%
261 E Edwarda
21%
293 F Florentyna
21%
284 K Klaudyna
21%
246 S Stella
21%
290 H Helga
20%
300 I Isabella
20%
197 R Romualda
20%
165 A Alfreda
19%
272 A Antonia
19%
199 G Gizela
19%
288 G Greta
19%
193 H Hildegarda
19%
213 T Teodozja
19%
217 M Mirela
18%
204 B Bernarda
17%
292 N Nika
17%
200 A Albina
16%
243 E Emily
16%
179 M Milana
16%
279 A Adelina
15%
296 G Gerda
15%
235 L Leonarda
15%
273 L Lina
15%
274 M Marietta
15%
265 M Miriam
15%
241 S Sophie
15%
291 A Andrea
14%
236 F Feliksa
14%
267 S Salomea
14%
282 M Manuela
13%
255 S Sarah
13%
270 N Natalie
12%
287 R Ruta
12%
294 M Martina
11%
249 M Michelle
11%
254 N Nelia
11%
283 E Elina
10%
209 L Longina
10%
298 R Roksolana
10%
264 G Galina
9%
216 R Raisa
9%
250 Z Zinaida
9%
286 A Amina
8%
271 E Edeltrauda
7%
263 E Elfryda
7%
Nie znaleziono quizów pasujących do podanych kryteriów
Rozkład punktacji
Procent ludzi z każdym wynikiem
Percentyl według liczby udzielonych odpowiedzi
Twoja historia wyników
Nie rozwiązałeś tego quizu